000 00519nam a22001937a 4500
003 OSt
005 20260416153752.0
008 260416b |||||||| |||| 00| 0 eng d
020 _a9789355707475
082 _a615.321 PAP
100 _aPRAGADA, Venkateswara.Rao
245 _aPractical book of Pharmacognosy and Phytochemistry-I
260 _aN.Delhi
_bAkinik
_c2023
300 _a73
650 _aPharmacognosy and Phytochemistry-I
700 _aBoggula,Narender
700 _aBhardru & Manda
942 _2ddc
_cBK
999 _c13910
_d13910